000 00698nam a22002292 4500
001 0000001346
005 20151217161130.0
008 070305s xx 000 0 eng d
020 _a0816024812 :
040 _aKABU
_cKABU
050 0 _aHB183
_b.M33 1991
100 1 _aMacmillan, Bill.
_@0000117137
245 1 0 _aAtlas of economic issues /
_cBill Macmillan, Gordon Fell.
260 _aNew York :
_bFacts on File,
_c?.
300 _a64 p.
650 0 _aEconomics
_xJuvenile literature.
_@0000149988
650 0 _aComparative economics.
_@0000149989
700 1 _aFell, Gordon.
_@0000117138
908 _a070305
950 _@1
999 _c14883
_d14883